| 000 | 00783nam a2200253 i 4500 | ||
|---|---|---|---|
| 001 | 9507 | ||
| 003 | ES-MaACL | ||
| 005 | 20250911062821.0 | ||
| 008 | 931005s1989 sp |||| | spa d | ||
| 020 | _a84-7522-239-0 | ||
| 080 | _a891.691-146"13/19" | ||
| 245 | 0 | 0 |
_aEuskal baladen lorea _b= Flor de baladas vascas / _cedición de Jon Juaristi. |
| 246 | 3 | 1 | _aFlor de baladas vascas |
| 260 |
_aMadrid : _bVisor, _c1989. |
||
| 300 |
_a183 p. ; _c20 cm. |
||
| 490 | 1 |
_aColección Visor de poesía ; _v239 |
|
| 500 | _aEd. bilingüe. | ||
| 504 | _aBibliografía: p.181-183. | ||
| 650 | 1 | 4 |
_aBaladas- _zPaís Vasco. _9166790 |
| 700 | 1 |
_aJuaristi, Jon, _d1951- _967169 |
|
| 830 | 0 |
_aColección Visor de poesía _v239 _9177331 |
|
| 852 |
_aES-MaACL _jL-16940 |
||
| 999 |
_c9507 _d9507 |
||